[Event "ICS rated blitz match"]
[Site "204.178.125.65"]
[Date "2000.10.07"]
[Round "?"]
[White "Maup"]
[Black "Hossa"]
[Result "0-1"]
[WhiteElo "2171"]
[BlackElo "2556"]
[PlyCount "99"]
[EventDate "2000.??.??"]

1. d4 d5 2. Nf3 Nf6 3. Nbd2 e6 4. e3 c5 5. c3 cxd4 6. exd4 Bd6 7. Bd3 Nc6 8.
O-O b6 9. Re1 Qc7 10. g3 Bb7 11. Nf1 h6 12. Qe2 O-O-O 13. Ba6 Bxa6 14. Qxa6+
Qb7 15. Qxb7+ Kxb7 16. Bd2 Nd7 17. Re2 Rde8 18. Rae1 Rb8 19. h4 Ra8 20. Ne3 Nf6
21. Bc1 a6 22. Kg2 Rac8 23. Kh3 Rcd8 24. Ng4 Nd7 25. Ne3 g5 26. Kg2 gxh4 27.
Nxh4 Ra8 28. f4 Rag8 29. Kf2 Nf6 30. Kf3 Ne4 31. Rg2 h5 32. Nf1 Be7 33. Nd2
Nxg3 34. Rxg3 Bxh4 35. Rxg8 Rxg8 36. Rh1 Rg3+ 37. Ke2 Rg2+ 38. Kf3 Rg4 39. Nf1
Ne7 40. Ne3 Rg3+ 41. Ke2 Ng6 42. f5 Nf4+ 43. Kd2 Bg5 44. Kc2 Kc6 45. fxe6 Nxe6
46. Nf5 Rg2+ 47. Kb3 Bxc1 48. Rxc1 Rf2 49. Ne3 Rf3 50. Ng2 {Maup resigns} 0-1

[Event "ICS rated blitz match"]
[Site "204.178.125.65"]
[Date "2000.10.07"]
[Round "?"]
[White "Hossa"]
[Black "Maup"]
[Result "1-0"]
[WhiteElo "2559"]
[BlackElo "2168"]
[PlyCount "40"]
[EventDate "2000.??.??"]

1. e4 d6 2. d4 e6 3. Nc3 Ne7 4. Nf3 Nd7 5. Be3 g6 6. Qd2 h6 7. O-O-O Bg7 8. g4
b6 9. h4 Bb7 10. Bb5 a6 11. Bd3 Rb8 12. Qe2 Ra8 13. Bf4 Qc8 14. h5 g5 15. Bg3
e5 16. dxe5 Nxe5 17. Nxe5 dxe5 18. f3 O-O 19. Qe3 Nc6 20. Nd5 Nd4 {Maup resigns
} 1-0

[Event "ICS rated standard match"]
[Site "204.178.125.65"]
[Date "2000.10.07"]
[Round "?"]
[White "Hossa"]
[Black "Varguz"]
[Result "0-1"]
[WhiteElo "2426"]
[BlackElo "2572"]
[PlyCount "108"]
[EventDate "2000.??.??"]

1. e4 d5 2. exd5 Qxd5 3. Nf3 Bg4 4. Be2 Nc6 5. Nc3 Qd7 6. h3 Bxf3 7. Bxf3 O-O-O
8. O-O Nd4 9. Bd5 Nf6 10. Bc4 Kb8 11. a4 Qf5 12. d3 e6 13. Be3 Bc5 14. a5 a6
15. Na4 Bd6 16. f4 Nc6 17. g4 Qg6 18. Qf3 Nxa5 19. Ba2 Rhe8 20. b4 Nc6 21. b5
axb5 22. Nc3 Nb4 23. Bb3 c6 24. Bb6 Rd7 25. Ba7+ Kc7 26. Qe3 h5 27. Bb6+ Kb8
28. Bc5 Bxc5 29. Qxc5 hxg4 30. Qa7+ Kc8 31. Qa8+ Kc7 32. Qa5+ b6 33. Qxb4 gxh3+
34. Kf2 Qg2+ 35. Ke1 h2 36. Ra7+ Kc8 37. Ra6 Kb7 38. Qa3 Qxf1+ 39. Kxf1 h1=Q+
40. Ke2 Qg2+ 41. Ke1 Qg3+ 42. Ke2 c5 43. Nxb5 Qg2+ 44. Ke1 Rh8 45. Nd6+ Kc7 46.
Nb5+ Kc6 47. Na7+ Rxa7 48. Ba4+ Kc7 49. Rxa7+ Kd6 50. Qxc5+ Kxc5 51. Rc7+ Kb4
52. Rc4+ Ka5 53. Rc5+ bxc5 54. c3 Rh1# {Hossa checkmated} 0-1

[Event "ICS Rated standard match"]
[Site "204.178.125.65"]
[Date "2000.10.07"]
[Round "?"]
[White "Varguz"]
[Black "Hossa"]
[Result "1-0"]
[WhiteElo "2582"]
[BlackElo "2416"]
[PlyCount "141"]
[EventDate "2000.??.??"]

1. c4 Nf6 2. Nc3 g6 3. g3 Bg7 4. Nf3 O-O 5. Bg2 d6 6. O-O e5 7. d3 Nc6 8. Rb1
a6 9. Bg5 h6 10. Bxf6 Bxf6 11. Qb3 Rb8 12. e3 Be6 13. Ne4 Bg7 14. Qc2 f5 15.
Nc3 e4 16. dxe4 Bxc4 17. Rfd1 Qe8 18. exf5 Nb4 19. Qd2 Rxf5 20. a3 Nc6 21. Nh4
Rh5 22. Nd5 Bxd5 23. Bxd5+ Kh7 24. Rdc1 Bf6 25. Ng2 Re5 26. Qd3 Re7 27. Bxc6
bxc6 28. Qxa6 c5 29. Qe2 Qf7 30. Nf4 Be5 31. Nd3 Bg7 32. Qc2 Rf8 33. a4 Qf3 34.
a5 Ra8 35. Nf4 Re4 36. b4 Ra7 37. bxc5 Rxa5 38. cxd6 cxd6 39. Qc7 Ra2 40. Rf1
Rxf4 41. exf4 Qe4 42. Rb6 d5 43. Rb7 Qd4 44. Qf7 Ra6 45. f5 gxf5 46. Qxf5+ Rg6
47. Rfb1 Qf6 48. Qxd5 Rg5 49. Qd3+ Qf5 50. Rxg7+ Kxg7 51. Rb7+ Kg6 52. Qa6+ Qf6
53. Rb6 Rf5 54. Rxf6+ Rxf6 55. Qd3+ Kf7 56. Qh7+ Kf8 57. f4 Ra6 58. Qf5+ Ke7
59. Qe5+ Kd7 60. f5 Rd6 61. f6 Rd1+ 62. Kf2 Kc6 63. Qc3+ Kd7 64. f7 Ke7 65. Qg7
Rd2+ 66. Ke3 Rd3+ 67. Kxd3 Kd6 68. f8=Q+ Kc6 69. Qgf6+ Kb7 70. Q8f7+ Kc8 71.
Qh8# {Hossa checkmated} 1-0

[Event "ICS rated blitz match"]
[Site "204.178.125.65"]
[Date "2000.10.07"]
[Round "?"]
[White "Hossa"]
[Black "Baruch"]
[Result "1-0"]
[WhiteElo "2562"]
[BlackElo "2123"]
[PlyCount "79"]
[EventDate "2000.??.??"]

1. e4 c5 2. Nf3 d6 3. d4 cxd4 4. Nxd4 Nf6 5. Nc3 e6 6. Be3 Be7 7. Bc4 O-O 8.
O-O Nc6 9. Nxc6 bxc6 10. Re1 e5 11. f3 a5 12. Qd3 Qc7 13. a3 Be6 14. Rad1 Bxc4
15. Qxc4 Rfd8 16. Nd5 Nxd5 17. exd5 c5 18. f4 Bf6 19. fxe5 Bxe5 20. c3 Qd7 21.
Rd2 Re8 22. Rde2 Re7 23. Bg5 f6 24. Bd2 Rae8 25. b3 Qd8 26. Be3 Qd7 27. Bf2 Qd8
28. b4 axb4 29. axb4 cxb4 30. cxb4 Qb8 31. b5 Rc7 32. Qb3 Rec8 33. b6 Rc3 34.
Qa4 R3c4 35. Qa7 h6 36. b7 Re8 37. Rb1 Rc7 38. Ra2 Kf8 39. Qxb8 Rxb8 40. Ra8 {
Baruch resigns} 1-0

[Event "ICS rated standard match"]
[Site "204.178.125.65"]
[Date "2000.10.07"]
[Round "?"]
[White "Hossa"]
[Black "marag"]
[Result "1-0"]
[WhiteElo "2407"]
[BlackElo "2020"]
[PlyCount "82"]
[EventDate "2000.??.??"]

1. e4 c5 2. Nf3 Nc6 3. d4 cxd4 4. Nxd4 e5 5. Nb5 a6 6. Nd6+ Bxd6 7. Qxd6 Qf6 8.
Qd1 Qg6 9. Nc3 Nge7 10. h4 h5 11. Bg5 f6 12. Be3 d5 13. Nxd5 Nxd5 14. Qxd5 Qf7
15. Bc4 Qxd5 16. Bxd5 Bd7 17. Bb6 Rc8 18. O-O-O Ne7 19. Rd2 Nxd5 20. exd5 Ke7
21. b3 Rc3 22. Kb2 Rhc8 23. Ba5 R3c5 24. Bb4 a5 25. Bxc5+ Rxc5 26. a4 Bf5 27.
c4 Kd6 28. Kc3 Be4 29. f3 Bh7 30. Re2 Bg8 31. Rhe1 Kc7 32. Rd1 Kd6 33. Rg1 Kc7
34. Rd2 Kd6 35. g4 Bf7 36. gxh5 Bxh5 37. Rxg7 Bxf3 38. Rxb7 e4 39. Kd4 Rc7 40.
Rb6+ Kd7 41. Rxf6 Ke8 {marag resigns} 1-0

[Event "ICS rated standard match"]
[Site "204.178.125.65"]
[Date "2000.10.07"]
[Round "?"]
[White "marag"]
[Black "Hossa"]
[Result "0-1"]
[WhiteElo "2017"]
[BlackElo "2410"]
[PlyCount "50"]
[EventDate "2000.??.??"]

1. d4 Nf6 2. Nc3 d5 3. e4 Nxe4 4. Nxe4 dxe4 5. f3 Bf5 6. Bc4 Nc6 7. c3 e6 8.
Qe2 Bd6 9. fxe4 Qh4+ 10. g3 Bxg3+ 11. hxg3 Qxh1 12. exf5 Qxg1+ 13. Kd2 e5 14.
b4 O-O-O 15. Bb2 Qxg3 16. d5 Ne7 17. Kc2 Nxf5 18. Re1 f6 19. Bd3 Ne7 20. c4 c6
21. Be4 cxd5 22. cxd5 Nxd5 23. Bxd5 Rxd5 24. Qc4+ Kb8 25. Bc3 Rc8 {
marag resigns} 0-1

[Event "ICS rated standard match"]
[Site "204.178.125.65"]
[Date "2000.10.07"]
[Round "?"]
[White "Hossa"]
[Black "marag"]
[Result "1-0"]
[WhiteElo "2413"]
[BlackElo "2014"]
[PlyCount "60"]
[EventDate "2000.??.??"]

1. c4 e5 2. Nc3 f5 3. d4 exd4 4. Qxd4 Nc6 5. Qf4 d6 6. Nf3 Nf6 7. Nd5 Be7 8. g3
O-O 9. Bg2 Ne4 10. O-O Bf6 11. Qe3 Nb8 12. Nxf6+ Qxf6 13. Ng5 Nxg5 14. Qxg5 Na6
15. Bd5+ Kh8 16. Qxf6 Rxf6 17. Bg5 Rf8 18. Rfd1 h6 19. Bd2 c6 20. Bf3 Be6 21.
Bf4 Rad8 22. Bxd6 Rf7 23. Be5 Rxd1+ 24. Rxd1 Bxc4 25. Rd8+ Kh7 26. b3 Bxe2 27.
Bxe2 Re7 28. Bxa6 Rxe5 29. Bxb7 Re1+ 30. Kg2 Re2 {marag resigns} 1-0

[Event "ICS rated standard match"]
[Site "204.178.125.65"]
[Date "2000.10.07"]
[Round "?"]
[White "marag"]
[Black "Hossa"]
[Result "0-1"]
[WhiteElo "2011"]
[BlackElo "2416"]
[PlyCount "60"]
[EventDate "2000.??.??"]

1. d4 Nf6 2. Nc3 d5 3. f3 e6 4. e4 dxe4 5. fxe4 e5 6. dxe5 Qxd1+ 7. Kxd1 Ng4 8.
Ke1 Nxe5 9. Bf4 Nbc6 10. Nf3 Bd6 11. Nxe5 Nxe5 12. Bd2 a6 13. Be2 O-O 14. Nd5
f5 15. Nc3 b5 16. Rf1 Bb7 17. exf5 Bxg2 18. Rg1 Nf3+ 19. Bxf3 Bxf3 20. Bh6 Be5
21. Nd1 Rxf5 22. Ne3 Rh5 23. Rg5 Bxb2 24. Rxh5 Bxh5 25. Rb1 Bc3+ 26. Kf2 Rf8+
27. Kg3 gxh6 28. Nd5 Be5+ 29. Kh4 Bf3 30. Rg1+ Kh8 {marag resigns} 0-1

[Event "ICS rated blitz match"]
[Site "204.178.125.65"]
[Date "2000.10.07"]
[Round "?"]
[White "dolfin"]
[Black "Hossa"]
[Result "0-1"]
[WhiteElo "2018"]
[BlackElo "2564"]
[PlyCount "110"]
[EventDate "2000.??.??"]

1. d4 Nf6 2. Nf3 c5 3. d5 g6 4. c4 Bg7 5. Nc3 d6 6. g3 Bf5 7. Bg2 Ne4 8. Nxe4
Bxe4 9. O-O Qb6 10. Qb3 Qxb3 11. axb3 Nd7 12. Nd2 Bxg2 13. Kxg2 a6 14. f4 e6
15. e4 O-O 16. dxe6 fxe6 17. Nf3 Nb6 18. Re1 Rad8 19. Re2 Bd4 20. Be3 e5 21.
Bxd4 exd4 22. Ne1 Kf7 23. Nd3 Nd7 24. Rae1 Ke6 25. e5 dxe5 26. Nxe5 Kf6 27. Nd3
a5 28. Re6+ Kg7 29. Kf3 Rf6 30. Re7+ Rf7 31. R7e6 Kh6 32. Rd6 b6 33. g4 Rc8 34.
Kg3 Rcf8 35. h4 Kg7 36. Ree6 Kh8 37. h5 gxh5 38. gxh5 Kg8 39. h6 Rb8 40. Kg4
Kf8 41. f5 Kg8 42. Kf4 Rbf8 43. f6 Rxf6+ 44. Ke4 Rxe6+ 45. Rxe6 Rf1 46. Kd5 Rf3
47. Ne5 Nxe5 48. Rxe5 Rf6 49. Re8+ Kf7 50. Rd8 Rxh6 51. Ke4 Rh3 52. Rd7+ Ke6
53. Rb7 Re3+ 54. Kf4 Rxb3 55. Rxh7 Rxb2 {dolfin resigns} 0-1

[Event "ICS rated blitz match"]
[Site "204.178.125.65"]
[Date "2000.10.07"]
[Round "?"]
[White "Hossa"]
[Black "dolfin"]
[Result "1-0"]
[WhiteElo "2565"]
[BlackElo "2017"]
[PlyCount "83"]
[EventDate "2000.??.??"]

1. d4 f5 2. c4 Nf6 3. g3 e6 4. Bg2 d5 5. Nf3 c6 6. O-O Bd6 7. b3 O-O 8. Ba3 Qe7
9. Bxd6 Qxd6 10. Nc3 Bd7 11. Ne5 Be8 12. cxd5 cxd5 13. f4 Nc6 14. a3 a6 15. Na4
Ne4 16. Bxe4 fxe4 17. Qd2 b5 18. Nc5 Ra7 19. Qc3 Bh5 20. Nxc6 Qxc6 21. Rf2 Raf7
22. Nxe4 Qxc3 23. Nxc3 g5 24. e3 Bg6 25. Rc1 gxf4 26. Rxf4 Bf5 27. Kf2 h5 28.
Ke2 Rc7 29. Kd2 Rfc8 30. Rh4 Bg4 31. h3 Bf3 32. Rf4 Bg2 33. g4 a5 34. gxh5 b4
35. axb4 axb4 36. Na2 Bxh3 37. Rxc7 Rxc7 38. Nxb4 Bf5 39. Nxd5 Rc2+ 40. Kd1 Kf7
41. Rxf5+ exf5 42. Kxc2 {dolfin resigns} 1-0

[Event "ICS rated standard match"]
[Site "204.178.125.65"]
[Date "2000.10.07"]
[Round "?"]
[White "Hossa"]
[Black "DarrkKnight"]
[Result "1-0"]
[WhiteElo "2419"]
[BlackElo "1924"]
[PlyCount "69"]
[EventDate "2000.??.??"]

1. d4 d5 2. c3 c6 3. Bf4 Nf6 4. e3 Bf5 5. Nd2 e6 6. Ngf3 c5 7. Bxb8 Rxb8 8.
Bb5+ Ke7 9. dxc5 a6 10. Ba4 b5 11. Nd4 Qc7 12. Nxf5+ exf5 13. Bc2 g6 14. Nb3
Bg7 15. a4 Rhd8 16. axb5 axb5 17. Qd4 Kf8 18. Qb4 Kg8 19. Bd3 Re8 20. O-O Ng4
21. g3 Ne5 22. Bxb5 Nc6 23. Qa4 Ra8 24. Qxa8 Rxa8 25. Rxa8+ Bf8 26. Bxc6 Qxc6
27. Rb8 Kg7 28. Rb6 Qc7 29. Rb5 Qc6 30. Nd4 Qa6 31. c6 Bd6 32. Rxd5 Be7 33. c7
Qb7 34. Nb5 Kf6 35. Rd8 {DarrkKnight resigns} 1-0

[Event "ICS rated blitz match"]
[Site "204.178.125.65"]
[Date "2000.10.07"]
[Round "?"]
[White "darthweber"]
[Black "Hossa"]
[Result "1-0"]
[WhiteElo "2198"]
[BlackElo "2566"]
[PlyCount "143"]
[EventDate "2000.??.??"]

1. Nf3 d5 2. g3 Nf6 3. Bg2 c6 4. O-O Bg4 5. d3 Nbd7 6. Nbd2 e5 7. e4 dxe4 8.
dxe4 Bc5 9. h3 Bh5 10. Qe2 Qc7 11. g4 Bg6 12. Nh4 O-O-O 13. a4 h5 14. Nxg6 fxg6
15. g5 Ne8 16. h4 Nd6 17. Nb3 Kb8 18. Be3 Bxe3 19. fxe3 Rhf8 20. a5 c5 21. c4
Ka8 22. Rfd1 Nb8 23. Rd5 Na6 24. Rad1 Nf7 25. Bh3 Qe7 26. Rd7 Rxd7 27. Rxd7 Qe8
28. Qd3 Rg8 29. Qd5 Nd8 30. Nxc5 Nxc5 31. Qxc5 a6 32. Qc7 Qf8 33. Be6 Rh8 34.
Bd5 Qb4 35. Rxd8+ Rxd8 36. Qxd8+ Ka7 37. Qb6+ Qxb6 38. axb6+ Kxb6 39. b4 Ka7
40. c5 b6 41. c6 Kb8 42. Bf7 Kc7 43. Bxg6 Kxc6 44. Bxh5 Kd6 45. Be2 a5 46. bxa5
bxa5 47. Bc4 a4 48. h5 Ke7 49. Kf2 Kd6 50. h6 gxh6 51. gxh6 a3 52. h7 Kc5 53.
Ba2 Kb4 54. h8=Q Kc3 55. Qb8 Kd3 56. Qb3+ Kd2 57. Qxa3 Kc2 58. Qb3+ Kd2 59.
Qb2+ Kd3 60. Bb1+ Kc4 61. Ke2 Kc5 62. Kd3 Kd6 63. Qb4+ Ke6 64. Qb6+ Kf7 65. Qd6
Kg7 66. Kc4 Kf7 67. Kd5 Kg7 68. Kxe5 Kf7 69. Kf5 Ke8 70. Qc7 Kf8 71. Kf6 Ke8
72. Qe7# {Hossa checkmated} 1-0

[Event "ICS rated blitz match"]
[Site "204.178.125.65"]
[Date "2000.10.07"]
[Round "?"]
[White "Hossa"]
[Black "McDogfood"]
[Result "1-0"]
[WhiteElo "2537"]
[BlackElo "1921"]
[PlyCount "47"]
[EventDate "2000.??.??"]

1. e4 c5 2. Nf3 Nc6 3. d4 cxd4 4. Nxd4 Nf6 5. Nc3 e5 6. Ndb5 d6 7. Bg5 a6 8.
Na3 b5 9. Bxf6 gxf6 10. Nd5 f5 11. Bd3 Be6 12. Qh5 Bg7 13. O-O f4 14. Rfe1 O-O
15. Nb1 Rc8 16. a4 bxa4 17. Rxa4 a5 18. Nbc3 Nd4 19. Rea1 Rc5 20. Nxf4 exf4 21.
e5 h6 22. Rxd4 Bxe5 23. Qxh6 Bxd4 24. Qh7# {McDogfood checkmated} 1-0

[Event "ICS rated blitz match"]
[Site "204.178.125.65"]
[Date "2000.10.07"]
[Round "?"]
[White "McDogfood"]
[Black "Hossa"]
[Result "0-1"]
[WhiteElo "1920"]
[BlackElo "2538"]
[PlyCount "62"]
[EventDate "2000.??.??"]

1. e4 d5 2. exd5 Qxd5 3. Nc3 Qa5 4. Nf3 Nf6 5. Bc4 Bg4 6. h3 Qh5 7. O-O Bxf3 8.
Qxf3 Qxf3 9. gxf3 e6 10. Nb5 Na6 11. f4 c6 12. Nd4 Nc7 13. d3 Bd6 14. f5 e5 15.
Nf3 O-O 16. Bg5 Ncd5 17. Rfe1 Nd7 18. a3 Rfe8 19. Nd2 h6 20. Bh4 Nf4 21. Kh2 e4
22. Nxe4 Nxd3+ 23. Nxd6 Rxe1 24. Rxe1 Nxe1 25. Kg3 Kf8 26. f4 f6 27. Nxb7 Nxc2
28. Na5 Nd4 29. Kg4 Re8 30. Nb7 Re4 31. Nd6 Ne5+ {McDogfood resigns} 0-1

[Event "ICS rated blitz match"]
[Site "204.178.125.65"]
[Date "2000.10.07"]
[Round "?"]
[White "Hossa"]
[Black "McDogfood"]
[Result "1-0"]
[WhiteElo "2539"]
[BlackElo "1919"]
[PlyCount "91"]
[EventDate "2000.??.??"]

1. d4 d5 2. c3 Nf6 3. Bf4 Bf5 4. Qb3 Qc8 5. e3 e6 6. Nf3 Bd6 7. Bxd6 cxd6 8. c4
dxc4 9. Bxc4 O-O 10. Nc3 d5 11. Be2 Nc6 12. Nh4 Bg6 13. Rc1 Qd7 14. O-O Rac8
15. Qd1 Na5 16. Nxg6 hxg6 17. Bb5 Qe7 18. Qa4 Nc6 19. Bxc6 bxc6 20. Qa5 c5 21.
Qa3 Qc7 22. dxc5 Qxc5 23. Qxc5 Rxc5 24. Na4 Rcc8 25. Nc5 Rfd8 26. Rc3 Ne4 27.
Nxe4 dxe4 28. Rxc8 Rxc8 29. Rb1 Kf8 30. g4 Ke7 31. Kg2 Rc2 32. a4 f5 33. h3 a5
34. b4 axb4 35. Rxb4 Ra2 36. g5 Kd6 37. Rb6+ Ke5 38. Kg3 Rxa4 39. Rb5+ Kd6 40.
Rb7 Ra3 41. Rxg7 Ke5 42. Kg2 f4 43. exf4+ Kxf4 44. Rxg6 Ra2 45. Rxe6 Kxg5 46.
Rxe4 {McDogfood resigns} 1-0

[Event "ICS rated blitz match"]
[Site "204.178.125.65"]
[Date "2000.10.07"]
[Round "?"]
[White "McDogfood"]
[Black "Hossa"]
[Result "0-1"]
[WhiteElo "1918"]
[BlackElo "2540"]
[PlyCount "66"]
[EventDate "2000.??.??"]

1. e4 d5 2. exd5 Qxd5 3. Nc3 Qa5 4. Nf3 Nf6 5. d4 c6 6. Ne5 Nbd7 7. Bf4 Nxe5 8.
Bxe5 Ne4 9. Qf3 Nxc3 10. Qxc3 Qxc3+ 11. bxc3 Be6 12. c4 f6 13. Bf4 g5 14. Be3
Bg7 15. Rb1 b6 16. h4 Rd8 17. c3 Bf5 18. Rd1 gxh4 19. Rxh4 Kd7 20. Be2 Kc7 21.
Bf3 Bc2 22. Rd2 Bg6 23. d5 c5 24. Bf4+ Kc8 25. Bg4+ f5 26. Bh3 Bxc3 27. g4 fxg4
28. Bxg4+ Kb7 29. Bf3 h5 30. Kd1 Bxd2 31. Kxd2 Ka6 32. Kc3 Rh7 33. Rh1 Rf8 {
McDogfood resigns} 0-1

[Event "ICS rated blitz match"]
[Site "204.178.125.65"]
[Date "2000.10.07"]
[Round "?"]
[White "McDogfood"]
[Black "Hossa"]
[Result "0-1"]
[WhiteElo "1916"]
[BlackElo "2542"]
[PlyCount "54"]
[EventDate "2000.??.??"]

1. e4 d5 2. exd5 Qxd5 3. Nc3 Qa5 4. Nf3 Nf6 5. d4 c6 6. Bd2 Bf5 7. Bc4 e6 8.
O-O Qc7 9. Re1 Bd6 10. d5 Nxd5 11. Bxd5 cxd5 12. Nxd5 Qxc2 13. Qxc2 Bxc2 14.
Rac1 O-O 15. Rxc2 exd5 16. Nd4 Na6 17. Nf5 Rfd8 18. Nxd6 Rxd6 19. Re7 Rc6 20.
Rc3 Rxc3 21. Bxc3 Nc5 22. Rc7 b6 23. Kf1 f6 24. f3 h6 25. b4 Nd3 26. Ke2 Nc1+
27. Ke3 Nxa2 {McDogfood resigns} 0-1

[Event "ICS rated blitz match"]
[Site "204.178.125.65"]
[Date "2000.10.07"]
[Round "?"]
[White "Hossa"]
[Black "darthweber"]
[Result "1-0"]
[WhiteElo "2543"]
[BlackElo "2219"]
[PlyCount "111"]
[EventDate "2000.??.??"]

1. c4 Nf6 2. Nc3 g6 3. g3 d5 4. cxd5 Nxd5 5. Bg2 Nb6 6. d3 Bg7 7. Nf3 O-O 8.
Bf4 Nc6 9. O-O e5 10. Be3 h6 11. Qc1 Kh7 12. Bc5 Re8 13. Nd2 Be6 14. Nb5 a6 15.
Nc3 Nd5 16. Qc2 Rc8 17. Rfe1 b6 18. Qa4 Nb8 19. Ba3 b5 20. Qc2 c5 21. Nxd5 Bxd5
22. e4 Be6 23. Bxc5 Nd7 24. b4 Nxc5 25. bxc5 Qe7 26. Rac1 Rc6 27. Nb3 Rec8 28.
Qc3 h5 29. Qa5 Bh6 30. Rc2 Bg5 31. Rd1 Bg4 32. Rf1 Qd7 33. f4 Bf6 34. fxe5 Bxe5
35. Qb4 Be6 36. Qd2 Bxb3 37. axb3 Rxc5 38. Ra2 Bd4+ 39. Kh1 R8c6 40. e5 Re6 41.
Qf4 Rcxe5 42. Be4 f5 43. Bg2 Re1 44. h3 Rxf1+ 45. Bxf1 Qd5+ 46. Kh2 Qxb3 47.
Rg2 Be3 48. Qc7+ Kh6 49. Qf7 a5 50. Qf8+ Kh7 51. Qc8 a4 52. d4 a3 53. Bxb5 a2
54. Bc4 Qb1 55. Bxa2 Qd3 56. Bxe6 {darthweber resigns} 1-0

[Event "ICS rated standard match"]
[Site "204.178.125.65"]
[Date "2000.10.07"]
[Round "?"]
[White "BrazilianMaster"]
[Black "Hossa"]
[Result "1/2-1/2"]
[WhiteElo "2640"]
[BlackElo "2421"]
[PlyCount "232"]
[EventDate "2000.??.??"]

1. e4 d5 2. exd5 Qxd5 3. Nc3 Qa5 4. Nf3 Nf6 5. d4 c6 6. Bc4 Bg4 7. h3 Bh5 8.
Bd2 Qd8 9. g4 Bg6 10. Bg5 b5 11. Bb3 a5 12. a3 a4 13. Ba2 h6 14. Bh4 e6 15. Ne5
Bh7 16. Qf3 Ra6 17. Qe2 Be7 18. Nxf7 Kxf7 19. Qxe6+ Ke8 20. Qf7+ Kd7 21. Be6+
Kc7 22. Qxg7 Qf8 23. Qxf8 Rxf8 24. O-O-O Bd6 25. Rhe1 b4 26. axb4 Bxb4 27. Re3
Bxc3 28. Rxc3 Ne4 29. Re3 Nxf2 30. Rde1 Rb6 31. Bc4 Rb4 32. Re7+ Kb6 33. Ba2
Bxc2 34. Kxc2 Nxh3 35. Re8 Rxe8 36. Rxe8 Na6 37. Kc3 Nf4 38. Rb8+ Nxb8 39. Kxb4
Nd3+ 40. Kc3 Nf4 41. Bd8+ Kb7 42. Kb4 Nd3+ 43. Ka3 Nd7 44. Bc4 Nf2 45. Be6 Nb6
46. Bf6 Nh3 47. Bg7 Ng5 48. Bf5 Nf3 49. Kb4 Kc7 50. Kc5 Nd2 51. Bc2 Ndc4 52.
Bxh6 Nxb2 53. Bf4+ Kb7 54. Bc1 a3 55. Kb4 N2c4 56. Kb3 Kc7 57. g5 Kd7 58. Bd3
Na5+ 59. Kxa3 Nac4+ 60. Ka2 Nd6 61. g6 Ne8 62. Bf5+ Ke7 63. Bg5+ Kf8 64. Bh6+
Ng7 65. Kb3 Kg8 66. Be4 Ne6 67. Kc3 Nd5+ 68. Kc4 Ne7 69. Bb1 Kh8 70. Bc2 Kg8
71. Be4 Kh8 72. Bb1 Kg8 73. Kc3 Nd5+ 74. Kd3 Kh8 75. Ke4 Nc3+ 76. Ke5 Nxd4 77.
Bd3 Nf3+ 78. Kf4 Nd4 79. g7+ Kg8 80. Ke5 Nf3+ 81. Kd6 Nd4 82. Kc5 Ne6+ 83. Kxc6
Nxg7 84. Be3 Na4 85. Bd4 Kf7 86. Kd7 Nh5 87. Bc2 Nf4 88. Bxa4 Kg6 89. Ke7 Kg5
90. Bc2 Ne2 91. Be3+ Kh4 92. Ke6 Kg3 93. Bc5 Kf4 94. Kf6 Ng3 95. Bd6+ Kf3 96.
Bd1+ Kf2 97. Ke5 Ne2 98. Bc5+ Ke1 99. Bb3 Kd2 100. Bc4 Nc1 101. Kd4 Ne2+ 102.
Ke4 Nc3+ 103. Kf4 Nd1 104. Bb4+ Kc2 105. Ke4 Nb2 106. Be2 Kb3 107. Be1 Nc4 108.
Bd1+ Kb2 109. Kd4 Kc1 110. Ba4 Nd6 111. Bb4 Nf5+ 112. Kc3 Ne3 113. Ba3+ Kb1
114. Kd3 Ng4 115. Bc2+ Ka2 116. Bb4 Kb2 {
BrazilianMaster ran out of time and Hossa has no material to mate} 1/2-1/2

[Event "ICS rated standard match"]
[Site "204.178.125.65"]
[Date "2000.10.07"]
[Round "?"]
[White "Hossa"]
[Black "BrazilianMaster"]
[Result "0-1"]
[WhiteElo "2430"]
[BlackElo "2631"]
[PlyCount "86"]
[EventDate "2000.??.??"]

1. e4 c5 2. Nf3 Nc6 3. d4 cxd4 4. Nxd4 e6 5. Nc3 d6 6. Bb5 Bd7 7. Nf3 a6 8. Be2
Nf6 9. Bf4 Qb6 10. a3 d5 11. exd5 exd5 12. O-O d4 13. Na4 Qa7 14. b3 b5 15. Nb2
Nd5 16. Qd2 Be7 17. Ne5 Nxf4 18. Qxf4 Nxe5 19. Qxe5 O-O 20. Qe4 Rfe8 21. Bd3 g6
22. Qf4 Qc5 23. b4 Qc3 24. Be4 Qxb2 25. Bxa8 Rxa8 26. Qc7 Rd8 27. Rfe1 Bf6 28.
Qd6 Kg7 29. Rec1 Bf5 30. Qxa6 Bxc2 31. Qxb5 d3 32. Rf1 d2 33. Rad1 Bxd1 34.
Rxd1 Rc8 35. Kf1 Rc1 36. Qa4 Qb1 37. f3 Rxd1+ 38. Kf2 Rg1 39. Qd1 Qxd1 40. Ke3
Qc1 41. Kf4 d1=Q+ 42. Kg3 Qg5+ 43. Kf2 Rxg2# {Hossa checkmated} 0-1

[Event "ICS rated standard match"]
[Site "204.178.125.65"]
[Date "2000.10.07"]
[Round "?"]
[White "BrazilianMaster"]
[Black "Hossa"]
[Result "1-0"]
[WhiteElo "2639"]
[BlackElo "2422"]
[PlyCount "43"]
[EventDate "2000.??.??"]

1. g3 d5 2. Nf3 Bf5 3. Bg2 e6 4. d4 Nf6 5. O-O Nc6 6. c4 dxc4 7. Ne5 Nxe5 8.
dxe5 Ne4 9. Qa4+ c6 10. Nc3 Qd4 11. Be3 Qxe5 12. Bf4 Qf6 13. Nxe4 Qxb2 14. Rab1
Qxe2 15. Nc3 Qc2 16. Bxc6+ bxc6 17. Qxc6+ Kd8 18. Qxa8+ Ke7 19. Rb7+ Kf6 20.
Qd8+ Be7 21. Qxe7+ Kg6 22. Qxf7# {Hossa checkmated} 1-0

[Event "ICS rated standard match"]
[Site "204.178.125.65"]
[Date "2000.10.07"]
[Round "?"]
[White "Hossa"]
[Black "BrazilianMaster"]
[Result "0-1"]
[WhiteElo "2415"]
[BlackElo "2646"]
[PlyCount "140"]
[EventDate "2000.??.??"]

1. c4 Nf6 2. Nc3 e5 3. Nf3 Nc6 4. g3 Bb4 5. Bg2 O-O 6. O-O Re8 7. a3 Bxc3 8.
bxc3 d6 9. d4 e4 10. Nd2 Bf5 11. Qc2 Qd7 12. Qb1 Rab8 13. e3 h5 14. Qc2 Bh3 15.
Nxe4 Nxe4 16. Bxe4 Bxf1 17. Bh7+ Kh8 18. Bf5 Qe7 19. Kxf1 g6 20. Bd3 f5 21. Qd1
Nd8 22. Kg1 Kg7 23. Qa4 a6 24. h4 Ne6 25. Qa5 c6 26. Rb1 Rbd8 27. Qb6 Rd7 28.
a4 d5 29. cxd5 cxd5 30. c4 dxc4 31. Bxc4 Nd8 32. Bb2 Qe4 33. d5+ Kh7 34. Rc1
Nf7 35. Bb3 Nd6 36. Rc7 Qe7 37. Bf6 Qf7 38. Rxd7 Qxd7 39. Qb4 b5 40. Bb2 Rc8
41. Qd4 Qc7 42. axb5 axb5 43. Bd1 Nc4 44. Ba1 Qd7 45. Bf3 Nd6 46. Bb2 Re8 47.
Bg2 Qb7 48. Qd3 Rc8 49. Bf3 Nc4 50. Bf6 b4 51. Qd1 b3 52. d6 Qd7 53. Be2 Nxd6
54. Qxb3 Ne4 55. Bb2 Rc7 56. Bc4 Qd2 57. Be5 Qxf2+ 58. Kh1 Nxg3+ 59. Bxg3 Qxg3
60. Bf1 f4 61. Qd1 fxe3 62. Bd3 Rc5 63. Bxg6+ Qxg6 64. Qd7+ Kh6 65. Qd1 Rc4 66.
Qe1 Qe4+ 67. Kg1 Qg4+ 68. Kh2 Rc2+ 69. Qe2 Rxe2+ 70. Kh1 Qg2# {Hossa checkmated
} 0-1

[Event "ICS rated blitz match"]
[Site "204.178.125.65"]
[Date "2000.10.07"]
[Round "?"]
[White "Hossa"]
[Black "fog"]
[Result "1-0"]
[WhiteElo "2534"]
[BlackElo "2377"]
[PlyCount "207"]
[EventDate "2000.??.??"]

1. e4 c5 2. Nf3 Nc6 3. d4 cxd4 4. Nxd4 e6 5. Nc3 Qc7 6. Ndb5 Qb8 7. a3 a6 8.
Nd4 Nf6 9. Nf3 d6 10. Bd3 Be7 11. O-O O-O 12. Bg5 b5 13. Qc1 Bb7 14. Rd1 Qc7
15. Ne2 Rac8 16. Ng3 Rfd8 17. c3 Na5 18. Qc2 Nc4 19. a4 Bc6 20. Nd4 Be8 21.
axb5 axb5 22. b3 Ne5 23. Bxb5 Qxc3 24. Qxc3 Rxc3 25. Ra7 Kf8 26. Bd2 Rc5 27.
Bxe8 Kxe8 28. Bb4 Rcc8 29. f4 Nc6 30. Nxc6 Rxc6 31. e5 Nd5 32. Nf5 Nxb4 33.
Rxe7+ Kf8 34. Rb7 exf5 35. Rxb4 d5 36. Rbd4 Rc3 37. b4 Rb3 38. Kf2 Ke7 39. R1d3
Rb2+ 40. Rd2 Rb3 41. g3 Ke6 42. Rc2 g6 43. Ke1 h5 44. Kd2 Rd7 45. Rc6+ Ke7 46.
Kc2 Rf3 47. Rd3 Rf2+ 48. Rd2 Rf3 49. Rc3 Rf1 50. b5 d4 51. Rc4 Rb7 52. Rb4 h4
53. Rdxd4 Rf3 54. gxh4 Rh3 55. Rd2 Rxh4 56. Rg2 Rh3 57. Kd1 Ra3 58. b6 Ra1+ 59.
Ke2 Ra6 60. Ke3 Raxb6 61. Rxb6 Rxb6 62. Rc2 Rb3+ 63. Kf2 Rh3 64. Kg2 Rd3 65.
Rc7+ Kf8 66. h3 Ra3 67. Rd7 Rb3 68. Ra7 Rc3 69. Rb7 Ra3 70. Rb2 Rc3 71. Ra2 Rb3
72. Ra8+ Ke7 73. Ra6 Rc3 74. Ra2 Rb3 75. Rc2 Ra3 76. Rb2 Rc3 77. Rb1 Ra3 78.
Rb6 Rc3 79. Ra6 Rb3 80. Kh2 Rf3 81. Ra4 Ke6 82. Rd4 Rb3 83. Rd6+ Ke7 84. Rc6
Ra3 85. Kg2 Rb3 86. Rc1 Ra3 87. Rc8 Rb3 88. Rc4 Ra3 89. Rb4 Rc3 90. Ra4 Rb3 91.
Ra1 Kf8 92. Rf1 f6 93. exf6 Kf7 94. Rf3 Rb2+ 95. Kg3 Kxf6 96. Rc3 Ra2 97. Rb3
Rc2 98. Ra3 Kg7 99. Rd3 Kh6 100. Re3 Kh5 101. Ra3 Rb2 102. Rd3 g5 103. Rf3 Rb3
104. Rxb3 {fog resigns} 1-0